000 00616ntaaa2200229 4500
003 01
005 20251027202921.0
008 0714s1973 ag 01
040 _aAR-BaBN
_bspa
_cAR-BaBN
_eaacr
_dRIC
082 _a922.0000 T21
100 _aTaylor, Howard
_923496
245 _aSecreto espiritual de Hudson Taylor
250 _a1 ed.
260 _as.l. :
_bMoody Press,
_c1961
300 _a256 p
650 _aHudson Taylor-biografĂ­a
_929686
650 _amisiones-China
_95303
650 _aChina-misiones
_920304
650 _abiografĂ­a-Taylor, Hudson
700 _aTaylor, Geraldine
_929688
942 _cBK
999 _c24426
_d24426